[Event "Groningen op-A"]
[Site "Groningen"]
[Date "2010.12.27"]
[Round "6"]
[White "Aronov, Igor Moiseevich"]
[Black "Sparenberg, Erik"]
[Result "1-0"]
[WhiteElo "2207"]
[BlackElo "2095"]
[PlyCount "59"]
[EventDate "2010.12.21"]
[EventType "swiss"]
[EventRounds "9"]
[EventCountry "NED"]
[SourceTitle "CBM 140 Extra"]
[Source "ChessBase"]
[SourceDate "2011.03.01"]
[SourceVersion "1"]
[SourceVersionDate "2011.03.01"]
[SourceQuality "1"]

1. d4 Nf6 2. Bg5 d5 3. Bxf6 gxf6 4. c4 c6 5. cxd5 cxd5 6. Nc3 Nc6 7. e3 e6 8. Nge2 Bd7 9. g3 Bd6 10. Bg2 f5 11. 0-0 Ne7 12. f3 Bc6 13. e4 Qb6 14. Qd2 0-0-0 15. Kh1 Kb8 16. e5 Bc7 17. Rfb1 Rc8 18. b4 Bb5 19. Nxb5 Qxb5 20. a4 Qd7 21. b5 Qd8 22. a5 Ng6 23. Nc3 h5 24. Na4 Qe7 25. Nb6 Qd8 26. Nxc8 Qxc8 27. Rc1 Qe8 28. a6 h4 29. axb7 Bd8 30. b6 1-0

[Event "Groningen op-A"]
[Site "Groningen"]
[Date "2010.12.23"]
[Round "3"]
[White "Ypma, Peter"]
[Black "Aronov, Igor Moiseevich"]
[Result "0-1"]
[WhiteElo "2080"]
[BlackElo "2207"]
[PlyCount "102"]
[EventDate "2010.12.21"]
[EventType "swiss"]
[EventRounds "9"]
[EventCountry "NED"]
[SourceTitle "CBM 140 Extra"]
[Source "ChessBase"]
[SourceDate "2011.03.01"]
[SourceVersion "1"]
[SourceVersionDate "2011.03.01"]
[SourceQuality "1"]

1. e4 Nf6 2. e5 Nd5 3. d4 d6 4. exd6 cxd6 5. g3 g6 6. Bg2 Nb6 7. Nf3 Bg7 8. 0-0 0-0 9. Re1 Nc6 10. c3 Bf5 11. Bf4 e5 12. Bg5 Qc7 13. Na3 a6 14. Qd2 Rfe8 15. Rac1 Qd7 16. dxe5 dxe5 17. Qxd7 Bxd7 18. Rcd1 Be6 19. b3 f6 20. Bd2 Rad8 21. c4 Nd7 22. Nc2 Bf8 23. h3 Nc5 24. Nb4 Nxb4 25. Bxb4 b6 26. Bxc5 Bxc5 27. Nd2 Bb4 28. Bd5 Bxd5 29. cxd5 f5 30. a3 Bc3 31. Re3 Bd4 32. Rd3 b5 33. b4 Rd6 34. Nb3 Red8 35. Kg2 Rxd5 36. f4 R5d6 37. Kf1 Kf7 38. Ke2 Ke6 39. fxe5 Bxe5 40. Nc5+ Ke7 41. g4 Rxd3 42. Rxd3 Rxd3 43. Kxd3 fxg4 44. hxg4 Bd6 45. Nxa6 h5 46. gxh5 gxh5 47. Ke4 h4 48. Kf3 h3 49. Nc5 Bxc5 50. Kg3 Bd4 51. Kxh3 Bb2 0-1

[Event "Shumov mem corr"]
[Site "Russia"]
[Date "2002.07.01"]
[Round "?"]
[White "Aronov, Igor Moiseevich"]
[Black "Sanchez Rodenas, Jose Antonio"]
[Result "1-0"]
[WhiteElo "2437"]
[BlackElo "2339"]
[PlyCount "91"]
[EventDate "2000.07.01"]
[EventType "tourn (corr)"]
[EventRounds "14"]
[EventCountry "RUS"]
[EventCategory "5"]
[SourceTitle "Corr 2006"]
[Source "ChessBase"]
[SourceDate "2006.04.01"]
[SourceVersion "3"]
[SourceVersionDate "2006.04.01"]
[SourceQuality "1"]

1. d4 d5 2. c4 e6 3. Nf3 Nf6 4. Nc3 Bb4 5. cxd5 exd5 6. Bg5 Nbd7 7. Qc2 c5 8. dxc5 Qa5 9. Bd2 Nxc5 10. a3 Ne6 11. e3 0-0 12. 0-0-0 Bxc3 13. Bxc3 Qd8 14. Bc4 Nc7 15. Bd3 Bg4 16. Kb1 Ne6 17. h3 Bxf3 18. gxf3 Rc8 19. Bf5 Rc6 20. Qa4 g6 21. Rhg1 a6 22. Qa5 Qxa5 23. Bxa5 h6 24. h4 Nc7 25. h5 Nxh5 26. Bd7 Rc5 27. Bb4 b6 28. Rc1 Rc4 29. Bxf8 Kxf8 30. b3 Rc5 31. Rxc5 bxc5 32. Rc1 Ke7 33. Bg4 Ng7 34. Rxc5 Kd6 35. Rc1 f5 36. Bh3 g5 37. b4 h5 38. Rc2 g4 39. Bf1 Nge6 40. Bd3 Ng5 41. fxg4 fxg4 42. a4 Ne4 43. Bxe4 dxe4 44. Kc1 Nd5 45. b5 axb5 46. axb5 1-0

[Event "Shumov mem corr"]
[Site "Russia"]
[Date "2002.??.??"]
[Round "?"]
[White "Aronov, Igor Moiseevich"]
[Black "Alvarez Villar, Horacio Nelson"]
[Result "1-0"]
[WhiteElo "2437"]
[BlackElo "2369"]
[PlyCount "91"]
[EventDate "2000.07.01"]
[EventType "tourn (corr)"]
[EventRounds "14"]
[EventCountry "RUS"]
[EventCategory "5"]
[SourceTitle "Corr 2006"]
[Source "ChessBase"]
[SourceDate "2006.04.01"]
[SourceVersion "3"]
[SourceVersionDate "2006.04.01"]
[SourceQuality "1"]

1. d4 d5 2. c4 dxc4 3. Nf3 Nf6 4. e3 e6 5. Bxc4 c5 6. 0-0 a6 7. Bb3 Nc6 8. Nc3 Be7 9. dxc5 Qxd1 10. Rxd1 Bxc5 11. Bd2 Ba7 12. Rac1 Ke7 13. e4 Ng4 14. Be1 Rd8 15. Rxd8 Nxd8 16. h3 Nf6 17. e5 Nd7 18. Ne4 Nc6 19. Bd2 h6 20. Bf4 Nb4 21. Nd6 Bxf2+ 22. Kxf2 Nd3+ 23. Kg3 Nxc1 24. Bxc1 Nxe5 25. Nxe5 Kxd6 26. Nxf7+ Ke7 27. Ne5 Bd7 28. Bd2 a5 29. Bd1 Bb5 30. Bf3 Kd6 31. Bc3 Rc8 32. Ng4 h5 33. Nf2 b6 34. Ne4+ Ke7 35. Bxh5 g6 36. Bf3 Bc4 37. a3 Bd5 38. Kf4 Rc4 39. h4 Kf7 40. Ke3 Bxe4 41. Bxe4 Rc5 42. Bd4 Rh5 43. Bxb6 Rb5 44. Bd4 e5 45. Bc3 Kf6 46. Bd3 1-0